a kids book about BEING مُسْلِمٌ MUSLIM / (Record no. 203875)

MARC details
000 -LEADER
fixed length control field 01428nam a2200313 ia4500
003 - CONTROL NUMBER IDENTIFIER
control field OSt
005 - DATE AND TIME OF LATEST TRANSACTION
control field 20260415165328.0
008 - FIXED-LENGTH DATA ELEMENTS--GENERAL INFORMATION
fixed length control field 260415s2025 nyu jrb 000 0 eng d
020 ## - INTERNATIONAL STANDARD BOOK NUMBER
International Standard Book Number 9780241743454
Terms of availability RM 98.90
Qualifying information hardback
040 ## - CATALOGING SOURCE
Original cataloging agency PPAK
Language of cataloging eng
Transcribing agency PPAK
Description conventions rda
082 04 - DEWEY DECIMAL CLASSIFICATION NUMBER
Edition number 23
Classification number 297
090 00 - LOCALLY ASSIGNED LC-TYPE CALL NUMBER (OCLC); LOCAL CALL NUMBER (RLIN)
Classification number (OCLC) (R) ; Classification number, CALL (RLIN) (NR) 297
Feature heading NAD
Feature heading K
100 0# - MAIN ENTRY--PERSONAL NAME
Personal name Nadia Hasan,
Titles and words associated with a name Dr.,
Relator term author.
245 10 - TITLE STATEMENT
Title a kids book about BEING مُسْلِمٌ MUSLIM /
Statement of responsibility, etc. by Nadia Hasan
246 30 - VARYING FORM OF TITLE
Title proper/short title Being a مُسْلِمٌ Muslim
250 ## - EDITION STATEMENT
Edition statement First American edition.
264 #1 - PRODUCTION, PUBLICATION, DISTRIBUTION, MANUFACTURE, AND COPYRIGHT NOTICE
Place of production, publication, distribution, manufacture New York :
Name of producer, publisher, distributor, manufacturer DK Publishing,
Date of production, publication, distribution, manufacture, or copyright notice [2025]
300 ## - PHYSICAL DESCRIPTION
Extent 1 volume (unpaged) :
Other physical details colour illustrations ;
Dimensions 26 cm
336 ## - CONTENT TYPE
Content type term text
Source rdacontent
337 ## - MEDIA TYPE
Media type term unmediated
Source rdamedia
338 ## - CARRIER TYPE
Carrier type term volume
Source rdacarrier
490 1# - SERIES STATEMENT
Series statement a kids book about
520 ## - SUMMARY, ETC.
Summary, etc. "Salaam! Or, peace be upon you. What does it mean to be Muslim American? Open this book to begin your journey. This author speaks from her personal experience and shares aspects of how she worships and the customs and traditions she follows, which are universal to so many Muslim Americans. And, you'll learn beautiful words along the way! Most importantly, grow in your understanding of this community."--
Assigning source Page 4 of cover.
650 10 - SUBJECT ADDED ENTRY--TOPICAL TERM
Topical term or geographic name entry element Islam
Form subdivision Juvenile literature
Topical term or geographic name entry element Muslims
Form subdivision Juvenile literature
Topical term or geographic name entry element Religions
Form subdivision Juvenile literature.
830 #0 - SERIES ADDED ENTRY--UNIFORM TITLE
Uniform title a kids book about
942 ## - ADDED ENTRY ELEMENTS (KOHA)
Source of classification or shelving scheme Dewey Decimal Classification
Koha item type Book
Holdings
Withdrawn Not for loan Current library Shelving location Date acquired Total Checkouts Full call number Barcode Date last seen Koha item type
    Perpustakaan Alor Setar Pinjaman Kanak-kanak 26/04/2026   K 297 NAD A01915124 26/04/2026 Book
    Perpustakaan Awam Sungai Petani Pinjaman Kanak-kanak 26/04/2026   K 297 NAD A01915125 26/04/2026 Book
    Perpustakaan Jitra Pinjaman Kanak-kanak 26/04/2026   K 297 NAD A01915126 26/04/2026 Book
    Perpustakaan Kulim Pinjaman Kanak-kanak 26/04/2026   K 297 NAD A01915128 26/04/2026 Book
    Perpustakaan Langkawi Pinjaman Kanak-kanak 26/04/2026   K 297 NAD A01915127 26/04/2026 Book